[Event "AUTO-OPEN-1254"]
[Site "http://www.queenalice.com/game.php?id=458901"]
[Date "2008.9.6"]
[Round "1"]
[White "rhianne"]
[Black "porche_caymon"]
[Result "1-0"]
[WhiteElo "973"]
[BlackElo "1494"]

1. d4 f5 2. e3 Nf6 3. Nf3 d6 4. Bd3 Nc6 5. Nc3 e5 6. dxe5 dxe5 7. O-O e4 8. Bc4
Qxd1 9. Rxd1 exf3 10. Nb5 Rb8 11. e4 Bc5 12. Nxc7+ Kf8 13. Rd8+ Nxd8 14. Bf4
Nxe4 15. Re1 Bxf2+ 16. Kh1 fxg2+ 17. Kxg2 Bxe1 18. Kf1 Nd2+ 19. Kxe1 Nxc4 20. b3
Nb6 21. Bd6+ Kf7 22. c4 Na8 23. Nd5 1-0

[Event "AUTO-OPEN-1254"]
[Site "http://www.queenalice.com/game.php?id=458926"]
[Date "2008.9.6"]
[Round "1"]
[White "rhianne"]
[Black "V_Spy"]
[Result "0-1"]
[WhiteElo "975"]
[BlackElo "1469"]

1. d4 Nc6 2. c3 e5 3. Nf3 exd4 4. cxd4 d5 5. Nc3 Nf6 6. e3 Bg4 7. Qd3 a6 8. h3
Bh5 9. g4 Bg6 10. e4 dxe4 11. Qe2 Qe7 12. Ng5 Nxd4 13. Qd2 Nf3+ 14. Ke2 Nxd2 15.
Bxd2 Rd8 16. Rd1 Qd7 17. f3 exf3+ 18. Kxf3 Be4+ 19. Ngxe4 Nxe4 20. Nxe4 Qd4 21.
Bc3 Qa4 22. b3 Qxa2 23. Nd2 Rxd2 24. Rxd2 Qxb3 25. Rd3 Bb4 26. Be2 Bxc3 27. Rc1
O-O 28. Rcxc3 Qb6 29. Rd5 Qf6+ 30. Ke4 Qxc3 0-1

[Event "AUTO-OPEN-1254"]
[Site "http://www.queenalice.com/game.php?id=458927"]
[Date "2008.9.6"]
[Round "1"]
[White "V_Spy"]
[Black "rhianne"]
[Result "1-0"]
[WhiteElo "1460"]
[BlackElo "973"]

1. e4 e5 2. Qh5 g6 3. Qxe5+ Be7 4. Qxh8 Kf8 5. Qxh7 c6 6. d4 Bd6 7. Bh6+ Nxh6 8.
Qxh6+ Ke8 9. Qh7 Qg5 10. Nf3 Qa5+ 11. Nc3 Na6 12. Bc4 c5 13. Qxf7+ Kd8 14. Qxg6
Bf4 15. O-O Qc7 16. Qf5 Bh6 17. Rad1 Nb4 18. dxc5 d6 19. Qf6+ Kd7 20. Rxd6+ Ke8
21. Bf7+ Qxf7 22. Qxh6 Bg4 23. Ne5 Qc7 24. Qh8+ Ke7 25. Ng6+ Kf7 26. Qf8+ Rxf8
27. Nxf8 Kxf8 28. Rf6+ Ke7 29. Nd5+ Nxd5 30. Rg6 Be2 31. Rg7+ Kd8 32. Rxc7 Nb4
33. Rxb7 Nxc2 34. f4 Ke8 35. Rf2 1-0

[Event "AUTO-BEG-249"]
[Site "http://www.queenalice.com/game.php?id=463763"]
[Date "2008.9.16"]
[Round "1"]
[White "Popeye"]
[Black "rhianne"]
[Result "1-0"]
[WhiteElo "1283"]
[BlackElo "817"]

1. d4 d5 2. Nc3 Nc6 3. e3 e6 4. Bb5 Nf6 5. Bxc6+ bxc6 6. h3 Rb8 7. a4 Ba6 8. b3
c5 9. Nf3 Ne4 10. Nxe4 dxe4 11. Ne5 Qd5 12. Ba3 Bd6 13. Qh5 O-O 14. c4 Qb7 15.
Nd7 Qxb3 16. Nxb8 Bxc4 17. dxc5 Qc3+ 18. Kd1 Qxa1+ 19. Kc2 Qxh1 20. cxd6 Rxb8
21. dxc7 Bb3+ 22. Kb2 Rc8 23. Qc5 Qh2 24. Kxb3 Rxc7 25. Qf8# 1-0

[Event "AUTO-BEG-249"]
[Site "http://www.queenalice.com/game.php?id=463764"]
[Date "2008.9.16"]
[Round "1"]
[White "rhianne"]
[Black "Popeye"]
[Result "0-1"]
[WhiteElo "1028"]
[BlackElo "1295"]

1. d3 e5 2. e4 Nf6 3. Nd2 Nc6 4. Nc4 b5 5. Na3 h6 6. Nf3 Bb4+ 7. c3 Bd6 8. b3 b4
9. cxb4 Nxb4 10. Qd2 c6 11. d4 Nxe4 12. Qe3 f5 13. Bc4 Qa5 14. O-O Nf6 15. Bb2
Ng4 16. Qe2 Ba6 17. dxe5 Be7 18. Bc3 Qxa3 19. Rae1 Bxc4 20. Qd2 Bxf1 21. Rxf1
Nd5 22. Bd4 Bb4 23. Qd3 O-O 24. Nd2 Qxa2 25. Nc4 a5 26. Nb6 Nxb6 27. h3 Nd5 28.
hxg4 fxg4 29. Bb6 Nxb6 30. Rd1 Qxf2+ 31. Kh2 Rae8 32. Rf1 g3+ 33. Kh1 Qxf1+ 34.
Qxf1 Rxf1# 0-1

[Event "AUTO-BEG-249"]
[Site "http://www.queenalice.com/game.php?id=463779"]
[Date "2008.9.16"]
[Round "1"]
[White "Flare07"]
[Black "rhianne"]
[Result "1-0"]
[WhiteElo "1349"]
[BlackElo "975"]

1. e4 d6 2. Nf3 e5 3. Nc3 Nc6 4. Bc4 Nf6 5. O-O Be6 6. d3 d5 7. Bb3 Ng4 8. h3
Nf6 9. Bg5 Qd6 10. Qd2 Bd7 11. exd5 Be7 12. Nb5 Qc5 13. Nxc7+ Kd8 14. Nxa8 Bf5
15. Bxf6 gxf6 16. dxc6 Qxc6 17. Qc3 Kd7 18. Qxc6+ Kxc6 19. Bxf7 Rxa8 20. g4 Bd7
21. c4 Rf8 22. Bd5+ Kc5 23. Bxb7 Rb8 24. Be4 Rxb2 25. Rfb1 Re2 26. Rb7 Ba4 27.
Rxe7 f5 28. gxf5 1-0

[Event "AUTO-BEG-249"]
[Site "http://www.queenalice.com/game.php?id=463780"]
[Date "2008.9.16"]
[Round "1"]
[White "rhianne"]
[Black "Flare07"]
[Result "0-1"]
[WhiteElo "973"]
[BlackElo "1411"]

1. d4 d5 2. c3 Nf6 3. e3 Nc6 4. Nf3 Bg4 5. Nbd2 e6 6. Qb3 Bd6 7. c4 O-O 8. h3
Bh5 9. Qxb7 Nb4 10. c5 Nc2+ 11. Kd1 Nxa1 12. Nb3 Nxb3 13. Qxb3 Be7 14. Be2 Ne4
15. Ba6 Nxf2+ 16. Ke1 Nxh1 17. Ne5 f6 18. Nc6 Qd7 19. Nb4 Rab8 20. Qd3 Rxb4 21.
a3 Ra4 22. g4 Bg6 23. Qf1 Be4 24. b3 Ng3 25. Qf4 Rxa6 26. Qxg3 Rb8 27. b4 f5 28.
a4 Rxa4 29. gxf5 Bxf5 30. Bb2 Rbxb4 31. Bc3 Rc4 32. Bd2 a5 33. c6 Qxc6 34. Qf4
Bb4 35. Qg5 Bxd2+ 0-1

[Event "AUTO-BEG-249"]
[Site "http://www.queenalice.com/game.php?id=463791"]
[Date "2008.9.16"]
[Round "1"]
[White "rhianne"]
[Black "Nica_Pinica"]
[Result "0-1"]
[WhiteElo "1012"]
[BlackElo "1047"]

1. Nc3 d5 2. d4 c6 3. Be3 e6 4. f4 b5 5. Nf3 f5 6. Ne5 a5 7. Bd2 Qd6 8. a4 b4 9.
Nb1 Be7 10. c3 Bh4+ 11. g3 Bf6 12. Nf3 b3 13. Na3 Nh6 14. Qb1 O-O 15. Qd3 Ba6
16. Qb1 Ng4 17. e4 dxe4 18. Qd1 Nd7 19. Bh3 Nh6 20. Rf1 exf3 21. Qxf3 Nb6 22.
Rf2 Nxa4 23. g4 Bh4 24. gxf5 exf5 25. Rd1 Qe6+ 26. Be3 Nxb2 27. Rd2 Na4 28. d5
Qg6 29. dxc6 Qg1+ 30. Bf1 Nxc3 31. Rd6 Bxf1 32. Bc5 b2 33. Nb1 Nxb1 34. Rd1
Rae8+ 35. Be3 Rf6 36. Qd5+ Kh8 37. Qf3 Nc3 38. Rb1 Nxb1 39. Qh5 Rxe3+ 40. Kd1
Be2+ 41. Kc2 Rxc6+ 42. Kxb2 Bf6+ 43. Ka2 Qxf2 44. Qe8+ Rxe8 0-1

[Event "AUTO-BEG-249"]
[Site "http://www.queenalice.com/game.php?id=463792"]
[Date "2008.9.16"]
[Round "1"]
[White "Nica_Pinica"]
[Black "rhianne"]
[Result "1-0"]
[WhiteElo "934"]
[BlackElo "1100"]

1. d4 d5 2. Bd2 e6 3. e3 Bd6 4. Bb5+ c6 5. Ba4 Nd7 6. Nc3 Ne7 7. Nf3 b5 8. Bxb5
cxb5 9. Nxb5 Bb4 10. Bxb4 Rb8 11. Nd6+ Kf8 12. Ng5 Rg8 13. Nxh7# 1-0

[Event "AUTO-BEG-252"]
[Site "http://www.queenalice.com/game.php?id=469398"]
[Date "2008.9.27"]
[Round "1"]
[White "Putz"]
[Black "rhianne"]
[Result "1-0"]
[WhiteElo "1405"]
[BlackElo "975"]

1. d4 d5 2. Nf3 Nf6 3. g3 c6 4. b4 e6 5. c3 Ne4 6. Bg2 Qf6 7. Bg5 Nxg5 8. Qa4 b5
9. Qa5 Bd6 10. O-O Ne4 11. a4 c5 12. Qxb5+ Bd7 13. Qa5 Nc6 14. Qa6 Bc8 15. Qxc6+
Kd8 16. Qxa8 cxd4 17. cxd4 Bxb4 18. e3 Ke7 19. Qxa7+ Kd6 20. Rc1 e5 21. Qb6+ Ke7
22. Qxb4+ Ke6 23. Bh3+ Qf5 24. Bxf5+ Kxf5 25. Nc3 exd4 26. Nh4+ Ke6 27. Qb6+ Ke7
28. Nxd5+ Kd7 29. Rc7+ Ke8 30. Rxc8+ Kd7 31. Rxh8 Nd2 32. Rc1 dxe3 33. Rc7# 1-0

[Event "AUTO-BEG-252"]
[Site "http://www.queenalice.com/game.php?id=469399"]
[Date "2008.9.27"]
[Round "1"]
[White "rhianne"]
[Black "Putz"]
[Result "0-1"]
[WhiteElo "973"]
[BlackElo "1383"]

1. d4 d5 2. e3 Nf6 3. Nf3 b5 4. Bxb5+ Nfd7 5. a4 a6 6. Bd3 Nc6 7. Nc3 e6 8. Qe2
Nb4 9. e4 Nxd3+ 10. Kd1 Nxc1 11. Rxc1 Rb8 12. exd5 Rxb2 13. Re1 Bb4 14. Qe3 Bxc3
15. Qxc3 Ra2 16. Qb3 Rxa4 17. Qxa4 O-O 18. c4 Nb6 19. Qc6 Qd6 20. c5 Qxd5 21.
Qxc7 Qb3+ 22. Kd2 Qb2+ 23. Kd1 Qxf2 24. Qxb6 Qxg2 25. Ne5 Qxh2 26. Ng4 Qf4 27.
Rb1 Qxg4+ 28. Kc1 Qxd4 29. Rb4 Qf2 30. Rb2 Qxe1+ 31. Kc2 a5 32. Qxa5 e5 33. Rb8
Qxa5 34. c6 Qc5+ 35. Kb3 Be6+ 0-1

[Event "AUTO-BEG-252"]
[Site "http://www.queenalice.com/game.php?id=469414"]
[Date "2008.9.27"]
[Round "1"]
[White "rhianne"]
[Black "archiphile"]
[Result "0-1"]
[WhiteElo "973"]
[BlackElo "1443"]

1. d4 d5 2. e3 Bf5 3. b3 e6 4. Nf3 a6 5. Ne5 h6 6. f4 Nf6 7. Qd2 Nbd7 8. c3 Ne4
9. Qe2 h5 10. g3 Nb6 11. Rg1 g5 12. fxg5 Qxg5 13. Qd3 Nd6 14. Qd2 Be4 15. Qf2
Nd7 16. Nxf7 Nxf7 17. Nd2 Bf5 18. h4 Qg4 19. Bg2 Rg8 20. Bf3 Qg6 21. e4 Bg4 22.
Bg2 Nf6 23. exd5 exd5 24. Bf3 O-O-O 25. c4 Bb4 26. cxd5 Nxd5 27. a3 Bc3 28. Ra2
Rde8+ 29. Kf1 Ne3+ 30. Ke1 Nf5+ 31. Kd1 Bxd4 32. Qf1 Ne3+ 33. Ke1 Nxf1+ 34. Kxf1
Bxg1 35. Kxg1 Re1+ 36. Kf2 Rxc1 37. a4 Bxf3 38. Kxf3 Qxg3+ 39. Ke2 Re1# 0-1

[Event "AUTO-BEG-252"]
[Site "http://www.queenalice.com/game.php?id=469415"]
[Date "2008.9.27"]
[Round "1"]
[White "archiphile"]
[Black "rhianne"]
[Result "1-0"]
[WhiteElo "1430"]
[BlackElo "1012"]

1. d4 d5 2. h3 e6 3. a3 Bd6 4. Nf3 f5 5. Bg5 Be7 6. Bf4 g6 7. e3 Bf6 8. c4 dxc4
9. Bxc4 Qe7 10. b4 c6 11. Nbd2 Nd7 12. O-O e5 13. dxe5 Bg7 14. Qb3 Nc5 15. bxc5
b6 16. cxb6 axb6 17. Qxb6 Qd7 18. Rfd1 Ne7 19. Ne4 Qa7 20. Nd6+ Kf8 21. Qd8# 1-0